000
00340 a2200133 4500
000
nam a22 7a 4500
100
_a
Wilkins, William Joseph
110
_a
Wilkins, William Joseph
245
_a
Modern Hinduism
250
_a
Latest edition
260
_b
Shri Sai Printographers
264
_b
Shri Sai Printographers
942
_c
BK
999
_c
394312
_d
394312